00651nam a2200145Ia 4500008004100000050002300041100002700064245015300091260008600244300002800330521001500358942000700373999001900380952010600399140724s9999 xx 000 0 und d aBF 698b.D664 2013 aDolina, Ma Consetta Q. aCommon stressors and coping mechanism of selected college female students of Southville International School and Colleges /cMa. Consetta Q. Dolina. aLas Piñas, Philippines :bSouthville International School and Colleges,cc2013. a79 p. :bill. ;c28 cm. aPsychology cTH c229173d229173 001040aCLbCLcTHESESd2014-07-24l0oBF 698 .D664 2013pT0527r2018-05-15 00:00:00w2014-07-24yTH